000 00447nam a22001697a 4500
005 20260311180805.0
008 260311b |||||||| |||| 00| 0 eng d
020 _a978-81-2120-005-9
041 _aeng
082 _a305.800 954
100 _aROY, SARAT CHANDRA
_98905
245 _aORAON RELIGION AND CUSTOMS
260 _aNEW DELHI
_bGYAN PUBLISHING HOUSE
_c2012
300 _a418;P
650 _aBHARTIYA GYAN PARAMPARA
_98906
942 _cBK
999 _c9095
_d9093